LEADER 04047nam 2200973Ia 450 001 9910779745203321 005 20230803021040.0 010 $a0-520-27620-5 010 $a0-520-95676-1 024 7 $a10.1525/9780520956766 035 $a(CKB)2550000001096538 035 $a(EBL)1249495 035 $a(OCoLC)852656969 035 $a(SSID)ssj0000916792 035 $a(PQKBManifestationID)12422318 035 $a(PQKBTitleCode)TC0000916792 035 $a(PQKBWorkID)10876862 035 $a(PQKB)10071657 035 $a(StDuBDS)EDZ0001535359 035 $a(MiAaPQ)EBC1249495 035 $a(OCoLC)966856001 035 $a(MdBmJHUP)muse52231 035 $a(DE-B1597)519673 035 $a(OCoLC)855831567 035 $a(DE-B1597)9780520956766 035 $a(Au-PeEL)EBL1249495 035 $a(CaPaEBR)ebr10729709 035 $a(CaONFJC)MIL503072 035 $a(EXLCZ)992550000001096538 100 $a20130520d2013 uy 0 101 0 $aeng 135 $aur|n|---||||| 181 $ctxt 182 $cc 183 $acr 200 10$aEnvironmental winds$b[electronic resource] $emaking the global in southwest China /$fMichael J. Hathaway 210 $aBerkeley $cUniversity of California Press$d2013 215 $a1 online resource (271 p.) 300 $aDescription based upon print version of record. 311 $a0-520-27619-1 311 $a1-299-71821-3 320 $aIncludes bibliographical references and index. 327 $tFrontmatter -- $tContents -- $tList of Illustrations -- $tAcknowledgments -- $tIntroduction -- $t1. Environmental Winds -- $t2. Fleeting Intersections and Transnational Work -- $t3. The Art of Engagement -- $t4. Making an Indigenous Space -- $t5. On the Backs of Elephants -- $tConclusion -- $tNotes -- $tGlossary -- $tBibliography -- $tIndex 330 $aEnvironmental Winds challenges the notion that globalized social formations emerged solely in the Global North prior to impacting the Global South. Instead, such formations have been constituted, transformed, and propelled through diverse, site-specific social interactions that complicate and defy divisions between 'global' and 'local.' The book brings the reader into the lives of Chinese scientists, officials, villagers, and expatriate conservationists who were caught up in environmental trends over the past 25 years. Hathaway reveals how global environmentalism has been enacted and altered in China, often with unanticipated effects, such as the rise of indigenous rights, or the reconfiguration of human/animal relationships, fostering what rural villagers refer to as "the revenge of wild elephants." 606 $aEnvironmentalism$zChina, Southwest 606 $aEnvironmental protection$zChina, Southwest 606 $aGlobalization$zChina, Southwest 607 $aChina, Southwest$xEnvironmental conditions 610 $aagriculture. 610 $aagroforestry. 610 $aanimals. 610 $aanthropology. 610 $aasian history. 610 $abusiness development. 610 $achinese scientists. 610 $aconservation. 610 $aengaging. 610 $aenvironmental trends. 610 $aenvironmental. 610 $aexpatriate conservationists. 610 $aglobal environmentalism. 610 $aglobal. 610 $aglobalized social formations. 610 $ahistorical. 610 $ahistory. 610 $ahuman animal relationships. 610 $aindigenous rights. 610 $anature. 610 $asocial science. 610 $asustainable businesses. 610 $aunanticipated effects. 615 0$aEnvironmentalism 615 0$aEnvironmental protection 615 0$aGlobalization 676 $a333.7209513 686 $aSOC002010$aHIS003000$aNAT011000$2bisacsh 700 $aHathaway$b Michael J$01581833 801 0$bMiAaPQ 801 1$bMiAaPQ 801 2$bMiAaPQ 906 $aBOOK 912 $a9910779745203321 996 $aEnvironmental winds$93863667 997 $aUNINA LEADER 04630nam 22005413 450 001 9911019601503321 005 20240412080246.0 010 $a9781119859352 010 $a1119859352 010 $a9781119859321 010 $a1119859328 035 $a(MiAaPQ)EBC31267465 035 $a(Au-PeEL)EBL31267465 035 $a(CKB)31405598300041 035 $a(Exl-AI)31267465 035 $a(OCoLC)1429731704 035 $a(EXLCZ)9931405598300041 100 $a20240412d2024 uy 0 101 0 $aeng 135 $aurcnu|||||||| 181 $ctxt$2rdacontent 182 $cc$2rdamedia 183 $acr$2rdacarrier 200 10$aAdvances in Equine Laparoscopy 205 $a2nd ed. 210 1$aNewark :$cJohn Wiley & Sons, Incorporated,$d2024. 210 4$dİ2024. 215 $a1 online resource (446 pages) 225 1 $aAVS Advances in Veterinary Surgery Series 311 08$a9781119859314 311 08$a111985931X 327 $aIntro -- Advances in Equine Laparoscopy -- Contents -- Foreword -- Preface -- Acknowledgmen -- About the Companion Website -- List of Contributors -- Section I Laparoscopic Skills and Instrumentation -- 1 History of Laparoscopy -- 2 Fundamental Laparoscopic Skills -- 3 Suturing and Knot-Tying Techniques -- 4 Fundamentals of Energy Sources -- 5 Imaging Equipment and the Operating Room -- 6 Instruments -- Section II Laparoscopy in the Standing Horse -- 7 Sedation and Analgesia in the Standing Horse -- 8 Dietary Approaches to Optimize the Feed Restriction Period before Laparoscopic Surgery in Horses -- 9 Laparoscopic Diagnostic Techniques -- 10 Evaluation of Horses with Signs of Acute and Chronic Abdominal Pain -- 11 Standing Laparoscopic Exploration of the Small Intestines -- 12 Closure of the Nephrosplenic Space -- 13 Laparoscopic Foramen Epiploicum Mesh Closure (FEMC) Technique -- 14 Laparoscopic Adhesiolysis -- 15 Mesenteric Rent Repair -- 16 Standing Cryptorchidectomy -- 17 Techniques for Preventing the Recurrence of Acquired Strangulating Inguinal Herniation in the Stallion -- 18 Direct Closure of the Vaginal Ring Using Cyanoacrylate and Sutures or Tacks -- 19 Laparoscopic Intersex Gonadectomy -- 20 Bilateral Ovariectomy in the Mare -- 21 Bilateral Ovariectomy as a Treatment for Chronic Pyometra -- 22 Ovariectomy for the Removal of Large Pathologic Ovaries in Mares -- 23 Laparoscopic Imbrication of the Mesometrium to Restore Normal, Horizontal Orientation of the Uterus -- 24 Laparoscopic Repair of Uterine Tears -- 25 Nephrectomy -- 26 Standing Laparoscopic Repair of the Ruptured Equine Bladder -- 27 Ureteral Osteoplasty for Ectopic Ureter -- 28 Equine Thoracoscopy -- 29 Thoracoscopic Repair of Diaphragmatic Hernias -- Section IIa Two-Stage Procedures -- 30 Laparoscopic-assisted Surgery for Treatment of Extended Septic Funiculitis. 327 $a31 Large Granulosa Cell Tumors (Two Stage) -- 32 Laparoscopic-assisted Ovariohysterectomy (Two-step) in the Mare -- Section III Laparoscopy in the Recumbent Horse -- 33 General Anesthesia in the Recumbent Horse -- 34 Mesh Incisional Hernioplasty -- 35 Recumbent Cryptorchidectomy -- 36 Inguinal Hernioplasty -- 37 Ventral Abdominal Approach for Recumbent: Bilateral Laparoscopic Ovariectomy -- 38 Laparoscopic- and Endoscopic-assisted Removal of Cystic Calculi -- 39 Hand-assisted Laparoscopy -- Index -- EULA. 330 $aAdvances in Equine Laparoscopy, edited by Claude A. Ragle, is a comprehensive resource detailing the latest developments in the field of veterinary laparoscopic surgery for horses. This second edition includes contributions from leading experts and covers a wide range of topics, including laparoscopic skills, diagnostic techniques, and surgical procedures for both standing and recumbent horses. The book is designed for veterinary professionals seeking to enhance their knowledge and skills in equine laparoscopy, offering insights into techniques such as laparoscopic ovariectomy, hernioplasty, and thoracoscopic repair. It serves as an authoritative guide for veterinarians, veterinary surgeons, and students in veterinary medicine.$7Generated by AI. 410 0$aAVS Advances in Veterinary Surgery Series 606 $aVeterinary laparoscopic surgery$7Generated by AI 606 $aHorses$xSurgery$7Generated by AI 615 0$aVeterinary laparoscopic surgery 615 0$aHorses$xSurgery 676 $a636.1/0897 700 $aRagle$b Claude A$01645564 801 0$bMiAaPQ 801 1$bMiAaPQ 801 2$bMiAaPQ 906 $aBOOK 912 $a9911019601503321 996 $aAdvances in equine laparoscopy$93992110 997 $aUNINA